| 000 | 00000nam 2200000zi 4500 |
| 001 | 9.867703 |
| 003 | CaOODSP |
| 005 | 20241203113645 |
| 006 | m o d f |
| 007 | cr nn||||||||| |
| 008 | 190129s1986 onca ob f000 0 eng d |
| 040 | |aCaOODSP|beng|erda|cCaOODSP |
| 041 | |aeng|bfre |
| 043 | |an-cn--- |
| 086 | 1 |aEn13-5/86-215E-PDF |
| 100 | 1 |aOnuska, Francis I., |d1935- |eauthor. |
| 245 | 10|aIsomer specific separation and quantitation of tetrachloro dibenzo-p-dioxins by HRCG and HRGC/MS / |cF.I. Onuska, R. Wilkinson and K. Terry. |
| 246 | 1 |iCorrected title: |aIsomer specific separation and quantitation of tetrachloro dibenzo-p-dioxins by HRGC and HRGC/MS |
| 264 | 1|a[Burlington, Ontario : |bNational Water Research Institute, |c1986] |
| 300 | |a1 online resource (16 unnumbered pages) : |billustrations. |
| 336 | |atext|btxt|2rdacontent |
| 337 | |acomputer|bc|2rdamedia |
| 338 | |aonline resource|bcr|2rdacarrier |
| 490 | 1 |aNWRI contribution ; |vno. 86-215 |
| 500 | |aCover title. |
| 500 | |a"Submitted to: J. High Resol. Chromatogr. Chromatogr. Comm." |
| 500 | |aDigitized edition from print [produced by Environment and Climate Change Canada]. |
| 504 | |aIncludes bibliographical references. |
| 520 | |a"This paper entitled "Isomer Specific Separation and Quantitation of Tetrachloro Dibenzo-p-Dioxins by HRGC and HRGC/MS" describes high resolution narrow-bore gas chromatography (HRGC) and HRGC/mass spectrometry (HS) for the determination of all 22 isomers of tetrachloro dibenzo-p-dioxins in various environmental matrices which enables analysts to report significantly more accurate data for all 22 isomers. It is the first time that relative response factors for all 22 isomers using both the electron capture detector and the electron impact ionization selected ion monitoring has been reported"--Management perspective. |
| 546 | |aIncludes management perspective in French. |
| 693 | 4|aPolychlorinated dibenzodioxins--Analysis |
| 693 | 4|aGas chromatography |
| 693 | 4|aMass spectrometry |
| 693 | 4|aWater--Pollution |
| 700 | 1 |aWilkinson, R., |eauthor. |
| 700 | 1 |aTerry, K. A., |eauthor. |
| 710 | 1 |aCanada. |bEnvironment Canada. |
| 710 | 2 |aNational Water Research Institute (Canada) |
| 830 | #0|aNWRI contribution ;|vno. 86-215.|w(CaOODSP)9.844121 |
| 856 | 40|qPDF|s732 KB|uhttps://publications.gc.ca/collections/collection_2019/eccc/En13-5-86-215-eng.pdf |